El Mensajero

Salvato in:
Dettagli Bibliografici
Autore principale: Hartley, Leslie P.
Natura: Libro
Lingua:Undetermined
Pubblicazione: Barcelona, España Broguera 1971
Soggetti:
Tags: Aggiungi Tag
Nessun Tag, puoi essere il primo ad aggiungerne!!

MARC

LEADER 00000nam a2200000Ia 4500
008 170316s9999 xx 000 0 und d
040 |a cru BVZT 
090 |a 820 H-5.1m 
100 |a Hartley, Leslie P. 
245 |a El Mensajero 
260 |a Barcelona, España 
260 |b Broguera 
260 |c 1971 
300 |a 333 páginas 
650 |a LITERATURA INGLESA 
999 |c 6951  |d 6951 
942 |c 15 D  |h 820 H-5.1m  |2 z